[Event "GER Cup Net V2 U1600"]
[Site "Playchess.com INT"]
[Date "2020.05.22"]
[Round "7"]
[White "Hartmann, Lasse Elias"]
[Black "Maly, Wolfgang"]
[Result "1/2-1/2"]
[WhiteElo "1586"]
[BlackElo "1260"]
[PlyCount "50"]
[EventDate "2020.05.22"]
[EventType "swiss (blitz)"]
[EventRounds "9"]
[EventCountry "GER"]
[SourceTitle "EXT 2021"]
[Source "ChessBase"]
[SourceDate "2020.10.23"]
[SourceVersion "1"]
[SourceVersionDate "2020.10.23"]
[SourceQuality "1"]

1. e4 Nc6 2. Nf3 d5 3. exd5 Qxd5 4. Nc3 Qh5 5. Be2 Bg4 6. h3 Bxf3 7. Bxf3 Qe5+ 8. Qe2 Qxe2+ 9. Nxe2 Kd7 10. d4 e6 11. c3 Nge7 12. 0-0 Rd8 13. Rd1 Kc8 14. Bg5 f6 15. Bf4 g5 16. Bg3 Nf5 17. Bh2 Nfe7 18. Ng3 h5 19. Ne4 Bg7 20. Nc5 e5 21. Ne6 Rdg8 22. dxe5 fxe5 23. Bxc6 Nxc6 24. Nxg7 Rxg7 25. Rd5 Rd8 1/2-1/2

[Event "GER-ch Net Amateur Gr-C Final"]
[Site "Playchess.com INT"]
[Date "2020.04.18"]
[Round "13"]
[White "Roos Nazario, Valentin1111"]
[Black "Hartmann, Lasse Elias"]
[Result "0-1"]
[WhiteElo "1437"]
[BlackElo "1580"]
[PlyCount "72"]
[EventDate "2020.04.18"]
[EventType "swiss (blitz)"]
[EventRounds "13"]
[EventCountry "GER"]
[SourceTitle "CBM 195 Extra"]
[Source "ChessBase"]
[SourceDate "2020.05.31"]
[SourceVersion "1"]
[SourceVersionDate "2020.05.31"]
[SourceQuality "1"]

1. e4 e6 2. d4 d5 3. Bd3 c5 4. Ne2 cxd4 5. Nxd4 b6 6. 0-0 Ba6 7. Bxa6 Nxa6 8. exd5 Qxd5 9. Nc3 Qb7 10. Be3 Rd8 11. Qe2 Bc5 12. Nf3 Nf6 13. Rad1 0-0 14. Rd3 Nd5 15. Nxd5 Rxd5 16. Rfd1 Rfd8 17. Rxd5 Rxd5 18. Rxd5 exd5 19. Bxc5 Qc8 20. Bd4 Nc7 21. Qe5 Ne6 22. Ng5 Qxc2 23. Qb8+ Nf8 24. h3 Qd1+ 25. Kh2 Qxd4 26. Qxa7 Qf4+ 27. g3 Qxg5 28. Qxb6 Qe5 29. b4 h6 30. a4 d4 31. a5 d3 32. Qd8 Qe2 33. Kg2 d2 34. a6 d1Q 35. Qc8 Qdf1+ 36. Kh2 Qexf2# 0-1

[Event "GER-ch Net Amateur Gr-C Vor2"]
[Site "Playchess.com INT"]
[Date "2020.04.15"]
[Round "3"]
[White "Hartmann, Lasse Elias"]
[Black "Hoffmann, Tom"]
[Result "0-1"]
[WhiteElo "1631"]
[BlackElo "1644"]
[PlyCount "96"]
[EventDate "2020.04.15"]
[EventType "swiss (blitz)"]
[EventRounds "9"]
[EventCountry "GER"]
[SourceTitle "CBM 196 Extra"]
[Source "ChessBase"]
[SourceDate "2020.07.31"]
[SourceVersion "1"]
[SourceVersionDate "2020.07.31"]
[SourceQuality "1"]

1. e4 e5 2. Nf3 Nc6 3. Bc4 Bc5 4. b4 Bxb4 5. c3 Ba5 6. d4 exd4 7. 0-0 d6 8. Qb3 Qe7 9. cxd4 Nf6 10. e5 dxe5 11. dxe5 Nd7 12. Bf4 0-0 13. e6 fxe6 14. Bxe6+ Kh8 15. Bg5 Qe8 16. Rd1 Nc5 17. Qe3 Nxe6 18. Nh4 Nxg5 19. Qxg5 Qf7 20. f3 Bb6+ 21. Kh1 Bd7 22. Nc3 Rad8 23. Ne4 Nd4 24. Rac1 Ne6 25. Qg3 Ba4 26. Rxd8 Rxd8 27. Qe5 Rd1+ 28. Rxd1 Bxd1 29. Qd5 Ba4 30. Qxb7 Qd7 31. Qb8+ Qd8 32. Qxd8+ Nxd8 33. Nf5 Ne6 34. Ne7 g6 35. Nc3 Bd7 36. Ncd5 Bc5 37. Nc3 Bxe7 38. Ne4 Nc5 39. Nd2 Be6 40. Nf1 Bf6 41. Nd2 Bxa2 42. Nc4 a5 43. Nxa5 Bc3 44. Nc6 Ne6 45. Ne5 c5 46. Nd3 c4 47. Ne5 Bxe5 48. g3 c3 0-1

[Event "GER-ch Net Amateur Gr-C Vor2"]
[Site "Playchess.com INT"]
[Date "2020.04.15"]
[Round "4"]
[White "Hartmann, Lasse Elias"]
[Black "Krishnachandran, Srihari"]
[Result "0-1"]
[WhiteElo "1614"]
[BlackElo "1764"]
[PlyCount "132"]
[EventDate "2020.04.15"]
[EventType "swiss (blitz)"]
[EventRounds "9"]
[EventCountry "GER"]
[SourceTitle "CBM 196 Extra"]
[Source "ChessBase"]
[SourceDate "2020.07.31"]
[SourceVersion "1"]
[SourceVersionDate "2020.07.31"]
[SourceQuality "1"]

1. e4 c5 2. Nc3 Nc6 3. f4 g6 4. Bb5 Bg7 5. Bxc6 dxc6 6. Nf3 Nh6 7. d3 0-0 8. 0-0 b6 9. Qe1 f5 10. e5 e6 11. Bd2 Nf7 12. Qg3 Bb7 13. h4 h5 14. Ng5 Nxg5 15. hxg5 c4 16. Ne2 cxd3 17. Qxd3 Qxd3 18. cxd3 Ba6 19. Nc1 Rfd8 20. Rf3 Rd5 21. Bb4 Rad8 22. Bd6 Bf8 23. Bc7 Rc8 24. Bd6 Bxd6 25. exd6 Rxd6 26. b3 Rcd8 27. Ne2 Bxd3 28. Nc3 Ba6 29. Re1 Kf7 30. Rfe3 Bc8 31. a4 a5 32. Re5 Rd3 33. Ne2 Rxb3 34. Nc1 Ra3 35. R5e3 Rxa4 36. Rc3 Bb7 37. Nb3 c5 38. Rec1 Rxf4 39. R1c2 Rg4 40. Nd2 Rxg5 41. Nc4 Kf6 42. Nxb6 Rd6 43. Nc4 Rd4 44. Ne3 f4 45. Nf1 f3 46. g4 Rgxg4+ 47. Kf2 Rdf4 48. Rxc5 Rg2+ 49. Ke3 Rxc2 50. Rxc2 Rf5 51. Rf2 g5 52. Ng3 Re5+ 53. Kd4 Rd5+ 54. Ke3 Kg6 55. Rxf3 h4 56. Ne2 Rd3+ 57. Kxd3 Bxf3 58. Ng1 Bh5 59. Ke3 Kf5 60. Kd4 g4 61. Ne2 h3 62. Ng3+ Kg5 63. Ke5 h2 64. Kxe6 Kh4 65. Nf5+ Kh3 66. Ng3 Kxg3 0-1

[Event "GER-ch Net Amateur Gr-C Vor2"]
[Site "Playchess.com INT"]
[Date "2020.04.15"]
[Round "2"]
[White "Slotta, Nico"]
[Black "Hartmann, Lasse Elias"]
[Result "0-1"]
[WhiteElo "1467"]
[BlackElo "1619"]
[PlyCount "167"]
[EventDate "2020.04.15"]
[EventType "swiss (blitz)"]
[EventRounds "9"]
[EventCountry "GER"]
[SourceTitle "CBM 196 Extra"]
[Source "ChessBase"]
[SourceDate "2020.07.31"]
[SourceVersion "1"]
[SourceVersionDate "2020.07.31"]
[SourceQuality "1"]

1. e4 e6 2. d4 d5 3. e5 c5 4. Nf3 Nc6 5. c3 Qb6 6. Be2 Nge7 7. 0-0 Ng6 8. Nbd2 cxd4 9. cxd4 Nxd4 10. Nxd4 Qxd4 11. Nf3 Qxd1 12. Rxd1 Nxe5 13. Nxe5 Bd6 14. Nf3 0-0 15. Be3 Bd7 16. Rac1 Rac8 17. Rxc8 Rxc8 18. Rc1 Rxc1+ 19. Bxc1 f6 20. Be3 e5 21. Bxa7 d4 22. Nd2 Bb4 23. Ne4 Bc6 24. f3 f5 25. Nf2 g5 26. Bc4+ Kg7 27. Bb8 Kf6 28. a3 Bf8 29. Kf1 h5 30. Ke2 g4 31. fxg4 hxg4 32. g3 e4 33. Ba7 d3+ 34. Kd2 Bh6+ 35. Be3 Bxe3+ 36. Kxe3 Ke5 37. h3 gxh3 38. Nxh3 Ba4 39. Nf2 Be8 40. b3 Bh5 41. a4 Be8 42. Bb5 Bxb5 43. axb5 Kd5 44. Nd1 Kc5 45. Kf4 Kd4 46. Kxf5 e3 47. Nxe3 Kxe3 48. g4 d2 49. g5 d1Q 50. g6 Qf1+ 51. Kg5 Qg1+ 52. Kh6 Qh2+ 53. Kg7 Qc7+ 54. Kg8 Qd8+ 55. Kh7 Qe7+ 56. g7 Qh4+ 57. Kg8 Qd8+ 58. Kh7 Qh4+ 59. Kg8 Kd4 60. Kf7 Qf4+ 61. Ke8 Qe5+ 62. Kf7 Qf5+ 63. Kg8 Kc5 64. Kh8 Qh5+ 65. Kg8 Kxb5 66. Kf8 Qf5+ 67. Kg8 Kb4 68. Kh8 Qh5+ 69. Kg8 Kxb3 70. Kf8 Qf5+ 71. Kg8 b5 72. Kh8 Qh5+ 73. Kg8 b4 74. Kf8 Qf5+ 75. Kg8 Ka3 76. Kh8 Qh5+ 77. Kg8 b3 78. Kf8 Qf5+ 79. Kg8 b2 80. Kh8 Qh5+ 81. Kg8 b1Q 82. Kf8 Qb8+ 83. Ke7 Qhe8+ 84. Kf6 0-1

[Event "GER-ch Net blitz qual1"]
[Site "Playchess.com INT"]
[Date "2020.03.07"]
[Round "9"]
[White "Ahlberg, Matthias"]
[Black "Hartmann, Lasse Elias"]
[Result "1-0"]
[WhiteElo "2207"]
[BlackElo "1620"]
[PlyCount "75"]
[EventDate "2020.03.07"]
[EventType "swiss (blitz)"]
[EventRounds "9"]
[EventCountry "GER"]
[SourceTitle "CBM 195 Extra"]
[Source "ChessBase"]
[SourceDate "2020.05.31"]
[SourceVersion "1"]
[SourceVersionDate "2020.05.31"]
[SourceQuality "1"]

1. e4 e6 2. d4 d5 3. Nd2 c5 4. exd5 exd5 5. c3 cxd4 6. cxd4 Nc6 7. Ngf3 Qe7+ 8. Qe2 Qxe2+ 9. Bxe2 Bb4 10. a3 Bd6 11. b4 Nf6 12. Bb2 0-0 13. 0-0 Bg4 14. Bd3 Rae8 15. Bb5 a6 16. Bxc6 bxc6 17. Rac1 Rc8 18. Rc3 Ne4 19. Nxe4 dxe4 20. Ne5 Bxe5 21. dxe5 Rfe8 22. Rc5 Be2 23. Re1 Bd3 24. Rec1 Re6 25. Bd4 f6 26. exf6 Rxf6 27. Bxf6 gxf6 28. Rxc6 Rd8 29. Rxf6 Bc2 30. h3 Kg7 31. Rxa6 Rd2 32. Rc6 Bd3 33. Rc7+ Kf6 34. a4 e3 35. fxe3 Re2 36. R7c6+ Ke5 37. R1c5+ Ke4 38. Re6# 1-0

[Event "GER-ch Net blitz qual1"]
[Site "Playchess.com INT"]
[Date "2020.03.07"]
[Round "1"]
[White "Boos, Markus"]
[Black "Hartmann, Lasse Elias"]
[Result "0-1"]
[WhiteElo "2153"]
[BlackElo "1620"]
[PlyCount "66"]
[EventDate "2020.03.07"]
[EventType "swiss (blitz)"]
[EventRounds "9"]
[EventCountry "GER"]
[SourceTitle "CBM 195 Extra"]
[Source "ChessBase"]
[SourceDate "2020.05.31"]
[SourceVersion "1"]
[SourceVersionDate "2020.05.31"]
[SourceQuality "1"]

1. d4 c5 2. d5 d6 3. c4 e5 4. Nc3 Nf6 5. e4 Be7 6. g3 0-0 7. Bg2 a6 8. Nge2 b5 9. cxb5 axb5 10. Nxb5 Qb6 11. Nbc3 Nbd7 12. 0-0 Ba6 13. Re1 c4 14. Rb1 Nc5 15. Be3 Qc7 16. Nc1 Rfb8 17. h3 Qa5 18. Kh2 Rb7 19. f4 exf4 20. gxf4 Rab8 21. Qc2 Nfd7 22. Bd4 Bh4 23. Rg1 g6 24. Bf3 Bf6 25. Bxf6 Nxf6 26. e5 dxe5 27. fxe5 Nfd7 28. Re1 Nxe5 29. Rxe5 Qc7 30. N1e2 Qxe5+ 31. Kg2 Qg5+ 32. Ng3 Nd3 33. Nd1 Ne1+ 0-1